| 000 | 00692nam a2200229 a 4500 | ||
|---|---|---|---|
| 005 | 20230617063519.0 | ||
| 008 | 020712s1997 mx r 000 0 spa d | ||
| 020 | _a8480130695 | ||
| 035 | _aUPN01000118093 | ||
| 049 | _aCG | ||
| 050 | 4 |
_aGV701 _bP5.7 |
|
| 100 | 1 | _aPinos Quílez, Martín | |
| 245 | 1 | 0 |
_aactividades y juegos de educación física en la naturaleza : _bguía práctica / |
| 260 |
_aMadrid. : _bGymnos, _c1997. |
||
| 300 |
_a219 p. : _bil. |
||
| 590 | _a(También localizas un ejemplar en el "Area de Reserva") | ||
| 590 | _aBibliografía Básica (BGTQ) | ||
| 650 | 2 |
_aDeportes _912162 |
|
| 650 | 4 | _aRECREACION AL AIRE LIBRE | |
| 650 | 4 |
_aJuegos _95342 |
|
| 905 | _aLibro | ||
| 999 |
_c90483 _d90483 |
||